00314nam a2200121 a 4500008004100000050001500041100002100056245003100077250001200108260004100120300002200161350000900183120416s1991 ||||||||||||||||| || u aTH 435 Fer aFerry, Douglas J10aCost planning of buildings a6th ed. aOxfordbBSP Professional Booksc1991 a[vi], 388p. : ill a0.00